000 00699nam a2200229Ia 4500
005 20211111074511.0
008 130821s2005 mx a gr spa
020 _a9700756149
040 _aCo-BoUCM
_bspa
041 0 0 _aspa
100 1 _aLocke, John
_981122
245 1 0 _aEnsayo sobre el gobierno civil
_cJohn Locke
260 _aMéxico D.F. (México)
_bEditorial Porrúa
_c2005
300 _a159 páginas
_bilustraciones
490 _aSepan Cuantos
_v671
650 0 4 _aCiencia política
_9340
650 0 4 _aEstado
_97594
650 0 4 _aFormas de gobierno
_916054
700 1 _aCarner, José
_e trad.
_9163157
942 _cLIBRO
_2DEWEY
_a6
_e1
_h321
_mL814e
999 _c51367
_d51367